000 00757nam a2200193 i 4500
001 160634
003 ES-MaACL
005 20230906212107.0
008 040930s1879 it abf |||| | ita d
040 _aCAM
_bspa
_cCAM
100 1 _aNibby, Antonio.
_9130455
245 1 0 _aItinerario di Roma e suoi dintorni /
_cdi Antonio Nibby ; corretto ed ampliato seconde le ultime scoperte e gli studi piú recenti dal prof. Filippo Porena.
250 _a9 ed.
260 _aRoma :
_bErmanno Loescher & C.,
_c1879 (
_eTorino :
_fVincenzo Bona)
300 _aXXX, 494 p., plans. pleg., maps. pleg., lám. ;
_c18 cm.
651 4 _aRoma-
_vGuías.
_9137336
700 1 _aPorena, Filippo.
_9131284
852 _aES-MaACL
_jC-271
_z-- Enc. ed. en tela con hierros dorados
999 _c160634
_d160634